COT business časopis pro profesionály v cestovním ruchu
Na minha lista:
| Formato: | Periódico |
|---|---|
| Idioma: | inglês |
| Publicado em: |
Praha
C.O.T. media
2008
|
| Assuntos: | |
| Tags: |
Sem tags, seja o primeiro a adicionar uma tag!
|
MARC
| LEADER | 00000nas2a2200000 4500 | ||
|---|---|---|---|
| 001 | 0147453 | ||
| 005 | 20120208134831.3 | ||
| 022 | |a 1212-4281 | ||
| 041 | 0 | |a eng | |
| 044 | |a CZ | ||
| 245 | 1 | 0 | |a COT business |b časopis pro profesionály v cestovním ruchu |
| 264 | 1 | |a Praha |b C.O.T. media |c 2008 | |
| 773 | 0 | |w eu_un_cat*0040154 | |
| 610 | 2 | 0 | |a ruch cestovný |
| 610 | 2 | 0 | |a Česko |